00727nam a2200265Ia 4500008004000000020001800040041000800058082001600066100001700082245004300099250000500142260002900147300001000176650000900186650000800195650001100203650000700214650001400221650001200235650000600247690001300253906001100266999001900277952016500296210210b2010 xxu||||| |||| 00| 0 eng d a9780749456603 aeng a650.13 LILD aLILLEY (Roy) aDealing with difficult people Rev Ed 1 a aLondonbKogan Pagec2010 ax,150 awith aRev apeople aEd adifficult aDealing a1 aBusiness a067413 c150233d150233 001040708ManagementaALbALcBusinessd2021-02-17eBiblios, Bunts Hostel Road, Mangaloreg160.00l0o650.13 LILDp067413r2021-02-17 00:00:00w2021-02-17yBK